00476nam a2200181Ia 450000500170000000800410001704000190005804100120007708200130008910000170010224500560011926000290017530000210020444000260022565000120025170000210026385000100028420240613093145.0131103s9999 xx 000 0 und d aLoreto College aEnglish a574bGRE aGreen, Ethel aBiology by discoverycEthel Green & Ethel A. Potter aLondonbJ. M. Dentc1933 avii,369p.b ill. aDents modern science  aBiology aPotter, Ethel A. aLCBED